Normal view MARC view
  • Surendran Shruti V - 2k131143; Dr.Kamlakar Mmunde - Guide & [Company Name] - Shree Ramkrishna Oil Mill, Kothrud,Pune

Entry Personal Name

Number of records used in: 1

001 - CONTROL NUMBER

  • control field: 103252

003 - CONTROL NUMBER IDENTIFIER

  • control field: OSt

005 - DATE AND TIME OF LATEST TRANSACTION

  • control field: 20221007220510.0

008 - FIXED-LENGTH DATA ELEMENTS

  • fixed length control field: 221007|| aca||aabn | a|a d

040 ## - CATALOGING SOURCE

  • Original cataloging agency: OSt
  • Transcribing agency: OSt

100 ## - HEADING--PERSONAL NAME

  • Personal name: Surendran Shruti V - 2k131143; Dr.Kamlakar Mmunde - Guide & [Company Name] - Shree Ramkrishna Oil Mill, Kothrud,Pune

670 ## - SOURCE DATA FOUND

  • Source citation: Work cat.: (OSt)73621: Surendran Shruti V - 2k131143; Dr.Kamlakar Mmunde - Guide & [Company Name] - Shree Ramkrishna Oil Mill, Kothrud,Pune, Study of Customers Usage pattern and their Buying Behaviour with Special Reference to Kothrud and Karvenagar, Sep-14